000 01292nam a2200373 a 4500
001 000108442
003 CHAP
005 20220329144012.0
008 140213s2012 mx | |r| |||1|||spa|d
010 _a104904
011 _a105876
020 _a9786074510492
040 _cCHAP
082 0 4 _a379.72
_bP16
100 0 0 _aPallán Figueroa, Carlos.
_984935
245 1 0 _aHechos y quimeras :
_beducación superior, ciencia y tecnología /
_cpor Carlos Pallán Figueroa.
260 3 _aMéxico, D.F. :
_bANUIES,
_c2012.
300 _av.
500 _aLa biblioteca tiene: v.1, v.2
505 1 _av.1 Educación superior, democracia y partidos políticos. --v.2 Política educativa, ciencia y tecnología, cuestiones sociales
590 _aE11695DGD
_b10
_c20140218
_lUCH01
_h1453
590 _aE11695DGD
_b10
_c20140225
_lUCH01
_h0931
590 _aE792CSJ
_b05
_c20140213
_lUCH01
_h0917
590 _aE792CSJ
_b05
_c20140213
_lUCH01
_h0923
590 _aE792CSJ
_b05
_c20140213
_lUCH01
_h0925
590 _aE792CSJ
_b05
_c20140219
_lUCH01
_h1029
650 1 4 _aCiencia y Estado
_xMéxico.
_923151
650 1 4 _aEducacion superior
_zMéxico.
_935406
650 1 4 _aPartidos políticos
_xMéxico.
_985818
650 1 4 _aTecnología y Estado.
_9111967
901 _aBK
942 _cLIBRO
942 _n0
999 _c104904
_d104904